=LDR 00000nam 2200000 4500 =001 INLIS000000000035224 =005 20130612141110 =008 ***********************************ind** =035 ##$$0010-061300000035224 =041 ##$$a ind =082 ##$$a 657.48 =090 ##$$a 657.48, Tan,p =100 ##$$a Tanujaya, Edward =245 ##$$a Praktikum Akuntansi Keuangan Lanjutan I Buku I, Kasas, Edward Tanujaya; Editor, Krista =260 ##$$a 2007 $b Jakarta =300 ##$$a vi,82 hlm., Illus, 26 cm =650 ##$$a Akuntansi Keuangan =700 ##$$a Krista =850 ##$$a NBPNMAT